| 000 | 00000nam##2200000za#4500 |
| 001 | 9.568217 |
| 003 | CaOODSP |
| 005 | 20210624181149 |
| 007 | cr ||||||||||| |
| 008 | 150406|2007||||xxc|||||o f|0| 0 eng|d |
| 022 | |a1481-8531 |
| 040 | |aCaOODSP|beng |
| 043 | |an-cn--- |
| 086 | 1 |aH12-21-3/33-1E-PDF |
| 110 | 2 |aPublic Health Agency of Canada. |
| 245 | 10|a2004 Canadian sexually transmitted infections surveillance report |h[electronic resource] |
| 260 | |aOttawa - Ontario : |bPublic Health Agency of Canada |cMay 2007. |
| 300 | |a79p.|bgraphs, map, references, tables |
| 490 | 1 |aCanada communicable disease report. Supplement |x1481-8531|vVol. 33S1 |
| 590 | |a10-09-Supp|b2010-11-02 |
| 775 | 08|tRapport de surveillance canadien 2004 sur les infections transmises sexuellement |w(CaOODSP)9.599506 |
| 830 | #0|aCanada communicable disease report. Supplement,|x1481-8531|vVol. 33S1|w(CaOODSP)9.504870 |
| 856 | 40|ahttp://publications.gc.ca|qPDF|s8 MB|uhttps://publications.gc.ca/collections/collection_2010/aspc-phac/H12-21-3-33-1-eng.pdf|yVol. 33S1 |